000 00691cam a2200229 4500
008 090401t1999 xxu||||| |||| 00| 0 eng d
020 _a1901122972
035 _a(Sirsi) u93076
041 _aeng
050 _a692.5023
110 _aGTI
_93747
245 _aGTI quantity surveying : the GTI quantity surveying journal. - Edition 11 (1999)
260 _aWallingford, Oxon.
_bGTI
_c1999
300 _a48p. : ill. ; 30cm.
350 _a6.5
650 _aCAREERS, EDUCATION AND TRAINING
650 _aABOUT RICS-RICS MEMBERS
650 _aBUILT ENVIRONMENT-QUANTITY SURVEYING
690 _aMANAGEMENT-BUSINESS MANAGEMENT-PROFESSIONAL PRACTICE
942 _n0
948 _c30/04/1999
999 _c97808
_d97808